The Berkeley heroine : and other stories /

Bibliographic Details
Main Author: Boyd, John Edward
Format: Microform Book
Language:English
Published: Berkeley, Calif : Berkeley Printing Co., [1899?]

MARC

Tag First Indicator Second Indicator Subfields
LEADER 00000cam a2200000 a 4500
001 in00000746113
005 20151016094049.0
007 hd afa014baca
008 831105s1899 ctu a 00011 eng d
035 |a (OCoLC)10097086 
035 |9 ADH8536AM 
040 |a GUA  |c LWS  |d UtOrBLW 
049 |a TXAI 
090 |a PS15 
099 |a film  |a B  |a 1551 
100 1 |a Boyd, John Edward. 
245 1 4 |a The Berkeley heroine :  |b and other stories /  |c by Boyd, the Boss Baggager Buster of Beautiful Berkeley. 
264 1 |a Berkeley, Calif :  |b Berkeley Printing Co.,  |c [1899?] 
300 |a 96 pages 
336 |a text  |b txt  |2 rdacontent 
337 |a microform  |b h  |2 rdamedia 
338 |a microfilm reel  |b hd  |2 rdacarrier 
533 |a Microfilm.  |b Woodbridge, Conn. :  |c Research Publications,  |d 1970-1978.  |e 1 microfilm reel ; 35 mm.  |f (Wright American fiction ; v.3 (1876-1900), reel B-57, no. 627) 
500 |a Microform. 
999 |a MARS 
999 f f |s 4474e21f-f7a9-353b-b67b-563d263787f6  |i 8475b3a1-a052-3447-88e9-b903f7cd1995  |t 0 
952 f f |p default  |a Texas A&M University  |b College Station  |c Sterling C. Evans Library  |d Evans: Microforms (3rd floor)  |t 0  |e film B 1551 v.3 reel B-57 no.627  |h Other scheme  |i microform -- microfilm reel 
998 f f |a film B 1551 v.3 reel B-57 no.627  |t 0  |l Evans: Microforms (3rd floor)